Normal view
MARC view
Entry Personal Name
001 - CONTROL NUMBER
- control field: 95604
003 - CONTROL NUMBER IDENTIFIER
- control field: OSt
005 - DATE AND TIME OF LATEST TRANSACTION
- control field: 20230501120817.0
008 - FIXED-LENGTH DATA ELEMENTS
- fixed length control field: 230501|| aca||aabn | a|a d
040 ## - CATALOGING SOURCE
- Original cataloging agency: OSt
- Transcribing agency: OSt
100 ## - HEADING--PERSONAL NAME
- Personal name: KAPOOR (N D);ABBI (Rajni);BHUSHAN (Bharat);KAPOOR (Rajiv)
670 ## - SOURCE DATA FOUND
- Source citation: Work cat.: (OSt)170641: KAPOOR (N D);ABBI (Rajni);BHUSHAN (Bharat);KAPOOR (Rajiv);, N D Kapoors elements of company law: including insolvency and bankruptcy code, 2019